Quizzes
Events
Quiz Creation
Community
Videos
Private Events
Remove Ads
Sign In
Join for FREE
Feedback
Dark Mode
Quiz Categories
Sports
Geography
Music
Movies
Television
Just For Fun
Miscellaneous
History
Literature
Language
Science
Gaming
Entertainment
Religion
Holiday
For Kids
Quiz Lab
Recent
Popular Today
Quiz Kudos Today
Editor Picks
Curator Picks
Quizzes by...
Day
Popularity
Type
Ratings
Length
Year
Community
Subscriptions
Recent Discussions
Orange Saloon
Badges
Playlists
Quests
Create
Leaderboards
Showdown
Live 5
Trivia Bingo
Activity
Puzzle Library
Sporcle Events
Private Events
Virtual Trivia
Globe League
Become a Host
Pub Owners
SporcleCon
Opinionation
Our Games
Videos
Blog
Mobile Apps
Partnerships
Remove Ads and Go Orange
Feedback
Music
Pop Music
The Beatles
Song
Album
Lyrics
Bands
Singers
Artist
Clip
Rock
Rap
Classical
Billboard
Country Music
Kpop
Taylor Swift
Music
Pop Music
The Beatles
Song
Album
Lyrics
Bands
Singers
Artist
Clip
Rock
Rap
Classical
Billboard
Country Music
Kpop
Taylor Swift
Random Quiz
Search Sporcle
×
Quiz Lab
Quiz Lab
Music
Kpop
Type in answers that appear in a list
Type in answers that appear in a list
Classic
Best Score? Go Orange.
Can you guess the idol? Stats
Can you guess the idol by their nickname or special thing about them?
By
markovapolinapm
10m
52 Questions
364 Plays
364 Plays
364 Plays
Comments
Comments
Give Quiz Kudos
Give Quiz Kudos
-
- Ratings
hide this ad
More Info
Forced Order
Answers have to be entered in order
Answers have to be entered in order
Minefield
Wrong answers will end the quiz
Wrong answers will end the quiz
Wrong Answers
Some wrong answers will appear in red
Some wrong answers will appear in red
Replay
Link that replays current quiz
Next Quiz
Link to next quiz in quiz playlist
You Got
0%
They Got
Avg Score
17%
Avg Friend Score
Upgrade to see
Score Distribution
Jump to the score distribution portion of the page
Score
0/52
Timer
10:00
0
Plays Today
Hint
Answer
% Correct
ChimChim
???
85.6%
Bacon
???
77.9%
Horse
???
69.3%
Satan
???
57.2%
Yoda
???
55.2%
Princess
???
54.7%
International Playboy
???
54.1%
Galaxy
???
37.2%
Awkward Mom to 9
???
34.3%
SexyPornstar
???
33.7%
Nini
???
31.8%
Turtle
???
30.9%
Blow Like flute
???
24%
Bootey
???
22.4%
Sugas Baby
???
21.9%
Diva
???
21.5%
Brainmonster
???
20.7%
DinosaurTroll
???
18.9%
RAMEN hair
???
18.8%
Sunshine
???
12.2%
Butttoucher
???
10.5%
RoomCleaner
???
9.7%
Stole Doyoungs line
???
9.4%
Mom to 6
???
9.4%
Beaver
???
7.7%
Mature Maknae
???
7.7%
Hint
Answer
% Correct
Yoda ears with abs
???
6.6%
Old Lady Maknae
???
6.4%
Abstyle
???
6.1%
I Hate this Bitch(Bridge)
???
5.3%
FashionDiva
???
5%
parking pro
???
4.5%
more fab than you will ever be
???
3.1%
???
2.3%
Arms
???
2.2%
Moomin
???
2.2%
The Tall quiet thing
???
1.7%
Yellow
???
1.7%
CraySunshine
???
1.4%
UnderratedMaknae
???
1.1%
The Fringe
???
1.1%
BeaverAbs
???
1.1%
CutePotato
???
1.1%
Chicken
???
1.1%
Fox
???
1.1%
Date
???
1.1%
Hotboring
???
0.8%
TallSmatrie
???
0.8%
Secretly Gay Slytherin
???
0.8%
Every Moms Dream
???
0.8%
AngelVoice
???
0.6%
Shortabs
???
0.3%
Quiz Playlist
Details
Report
Send in Message
Add To Playlist
More Info:
These names are only by my own opinion, I love all the idols. Please don't get offended, I mean no harm.
Classic:
Type in answers that appear in a list
Forced Order:
Answers have to be entered in order
Minefield:
Wrong answers will end the quiz
Wrong Answers:
Some wrong answers will appear in red
Last Updated: Feb 16, 2017
Quiz Scoreboard
CHALLENGE
Sign Up to Join the Scoreboard
Show All
Scores
Hide
Comments
May contain spoilers
Recently Published
Pick 6: Fruits
by JohnFran
Miscellaneous
15s
Click the 1999 NBA Draft
by nibperrychub
Sports
2m
Alphabetical 'K' Countries by Flag Minefield
by ylime102
Geography
3m
More to Explore
Quiz From the Vault
Featured Blog Post
15 Basketball Trivia Facts You Can Be March Mad About
hide this ad
You Might Also Like...
Tags
Kpop Quiz
idol
nickname
special
Today's Top Quizzes in Music
Browse Music
hide this ad
Today's Top Quizzes in Kpop
Browse Kpop
Top Contributed Quizzes in Music
1
Taylor Swift All Songs (2024)
2
KPOP LOGIC QUIZ
3
A Taylor Swift Logic Puzzle
4
K-Pop Murder Mystery Logic Quiz
5
Taylor Swift Logic Puzzle
6
Guess the Taylor Swift song (Mystery Song)
7
Guess The Taylor Swift Lyrics Song #1
8
NCT 2020 Logic Puzzle
9
Joni Mitchell—'Car on a Hill' Lyrics
10
kpop group name match up
Explore More
Trending Topics
Anime
Kpop
Disney
NBA
Harry Potter
Marvel
Crossword
Puzzle
Song
Pokémon
Soccer
WWE
The Office
NFL
Country
hide this ad
More By:
markovapolinapm
Quiz
Plays
Rating
Category
Featured
Created
Can you guess the idol?
364
5.00
Music
Jul 31, 2016
Guess my kpop biases
329
3.00
Music
Jul 30, 2016
kpop idols A-Z
111
Music
Jul 30, 2016
Go to Creator's Profile
Score Distribution
Quiz Creator Spotlight
markovapolinapm
Follow
Send a Message
Quizzes Created
-
Created Quiz Play Count
-
More By This Creator
Popular Quizzes Today
1
Countries of Asia Without Outlines Minefield
2
Find the US States - No Outlines Minefield
3
Pick 6: Fruits
4
Alphabetical 'K' Countries by Flag Minefield
5
The Countries of the World
6
Find the US States
7
Match the Book to the Film X
8
US States
More Music Quizzes
Lyrics quiz biggest rap hits 2020
Quiz Lab
Trending Quizzes
Pick 6: Harry Potter
Pick 6: Mountains
Pick 6: NFL Teams
Pick 6: Movie Franchises
Pick 6: Golfers
Recently Updated
NWSL Teams
pecheneg
Women's Final Four Teams by Year
bhenderson79
Presidents Quartet II
eogle
Anything But Clue(do)
eogle
Anything But Oceanian Capitals
eogle
Anything But 7
eogle
Anything But Thing
eogle
Word Ladder: February 29
pecheneg
Song Title Questions
pecheneg
Women's NCAA Tournament #1 Seeds
pecheneg
Trending Topics
Harry Potter
Crossword
Kpop
Marvel
Disney
NBA
Anime
The Office
Soccer
WWE
Country
Puzzle
NFL
Pokémon
Song
Your Account Isn't Verified!
In order to create a playlist on Sporcle, you need to verify the email address you used during registration. Go to your
Sporcle Settings
to finish the process.
Report this User
Report this user for behavior that violates our
Community Guidelines
.
Details:
Send Report
Go to the Sporcle.com Mobile Site →
Comments